| 000 | 00508nam a2200169Ia 4500 | ||
|---|---|---|---|
| 008 | 181130s2018 xx 000 0 und d | ||
| 100 | _aMondal, Pragna Paramita | ||
| 245 |
_aIn search of non-tangential premises _b the surrogacy (regulation) bill, 2016 |
||
| 260 | _c2018 | ||
| 300 | _ap.31-35. | ||
| 504 | _d7-Apr | ||
| 650 | _aSurrogacy Regulation Bill 2016 | ||
| 650 | _aSurrogate mothers | ||
| 700 | _aChakraborty, Achin | ||
| 773 | _aEconomic and Political Weekly | ||
| 906 | _aSurrogate mothers | ||
| 999 |
_c506170 _d506170 |
||